000 00502nam a22001817a 4500
005 20140630152308.0
010 _aENG-110111
020 _a9789350481851
_c300.00
035 _aEN-93644
037 _bDBAD/PUB
082 _a485
100 _aSinha, N.C.
245 _aFundamentals of English grammar /
_cby N.C. Sinha
260 _aNew Delhi
_bPrabhat Books
_c2012
270 _a4/19 Asaf Ali Road
_bNew Delhi
_e110002
300 _a223p.
_c22cm(Hb)
942 _2ddc
_cEN
_mSIN
_h485
999 _c84971
_d84971